000 00707cam a2200253 4500
008 090401t1994 xxu||||| |||| 00| 0 eng d
020 _a011752929X
035 _a(Sirsi) u72891
041 _aeng
050 _a711.309425
110 _aUnited Kingdom
_bDepartment of the Environment
_9982
245 _aRegional planning guidance for the East Midlands region.
260 _aLondon
_bHMSO
_c1994
300 _a36p. : ill.,maps ; 30cm.
350 _a6.95
490 _aRPG
_v8
520 _aSuperseded by 2002 edition (ISBN 0117536261).
650 _aEAST MIDLANDS
650 _aREGIONAL PLANNING
650 _aRPG8
690 _aPLANNING LAW AND PRACTICE
942 _n0
948 _c04/03/1997
999 _c95539
_d95539